000 00327nam a2200133Ia 4500
008 230411s9999 xx 000 0 und d
041 _aeng
082 _aS/617.917/DIX/B01995
100 _aDixon Eileen
245 _aTheatre Technique
260 _bN R Brothers
_aIndore
_c2003
300 _a294p
999 _c153228
_d153228